[Event "WSTCC-50 2020"]
[Site "Prague"]
[Date "2020.03.06"]
[Round "1.20"]
[White "Bradac, Roman"]
[Black "Petran, Peter"]
[Result "0-1"]
[WhiteElo "1974"]
[BlackElo "2268"]
[Annotator "ChessBase"]
[PlyCount "76"]
[EventDate "2020.03.06"]
[EventType "team-tourn"]
[EventCountry "CZE"]
[SourceTitle "playchess.com"]
[Source "ChessBase"]
[SourceQuality "1"]
[TimeControl "40/5400+30:1800+30"]

1. d4 {[%emt 0:00:00]} g6 {[%emt 0:00:00]} 2. Nf3 {[%emt 0:00:00]} Bg7 {[%emt 0:00:00]} 3. Bf4 {[%emt 0:00:24]} d6 {[%emt 0:00:00]} 4. c4 {[%emt 0:00:48]} Nd7 {[%emt 0:00:42]} 5. Nc3 {[%emt 0:01:30]} e5 {[%emt 0:00:10]} 6. Bg5 {[%emt 0:04:41]} Ngf6 {[%emt 0:01:23]} 7. h3 {[%emt 0:01:39]} h6 {[%emt 0:01:13]} 8. Be3 {[%emt 0:04:13]} c6 {[%emt 0:00:39]} 9. dxe5 {[%emt 0:03:51]} dxe5 {[%emt 0:00:06]} 10. g3 {[%emt 0:15:14]} Qe7 {[%emt 0:00:23]} 11. Bg2 {[%emt 0:00:29]} Qb4 {[%emt 0:06:09]} 12. Qb3 {[%emt 0:07:20]} a5 {[%emt 0:00:12]} 13. O-O {[%emt 0:00:48]} O-O {[%emt 0:02:11]} 14. Nd2 {[%emt 0:05:13]} Re8 {[%emt 0:00:17]} 15. a3 {[%emt 0:01:42]} Qe7 {[%emt 0:03:26]} 16. Qc2 {[%emt 0:01:19]} Nf8 {[%emt 0:04:08]} 17. c5 {[%emt 0:02:40]} Be6 {[%emt 0:05:04]} 18. Nde4 {[%emt 0:06:52]} Nxe4 {[%emt 0:07:17]} 19. Nxe4 {[%emt 0:01:07]} a4 {[%emt 0:00:16]} 20. Rac1 {[%emt 0:09:59]} Red8 {[%emt 0:00:47]} 21. Nd6 {[%emt 0:02:44]} Bb3 {[%emt 0:01:25]} 22. Qd2 {[%emt 0:00:48]} Kh7 {[%emt 0:01:01]} 23. Qb4 {[%emt 0:07:02]} Rab8 {[%emt 0:00:19]} 24. Nc4 {[%emt 0:17:04]} Ne6 {[%emt 0:01:49]} 25. Be4 {[%emt 0:03:01]} Nd4 {[%emt 0:00:55]} 26. Rfe1 {[%emt 0:00:01]} f5 {[%emt 0:00:47]} 27. Bb1 {[%emt 0:00:38]} Qf7 {[%emt 0:08:55]} 28. Bd2 {[%emt 0:00:57]} Nb5 {[%emt 0:02:36]} 29. Ne3 {[%emt 0:00:51]} e4 {[%emt 0:01:47]} 30. Bc3 {[%emt 0:00:02]} Nxc3 {[%emt 0:00:40]} 31. bxc3 {[%emt 0:00:02]} Bf8 {[%emt 0:01:25]} 32. Bc2 {[%emt 0:02:06]} Be6 {[%emt 0:07:06]} 33. Bxa4 {[%emt 0:00:02]} b6 {[%emt 0:00:21]} 34. Qb2 {[%emt 0:01:17]} Bxc5 {[%emt 0:00:58]} 35. Bxc6 {[%emt 0:00:13]} Qc7 {[%emt 0:00:27]} 36. Bb5 {[%emt 0:00:46]} Bxe3 {[%emt 0:00:44]} 37. fxe3 {[%emt 0:00:01]} Qxg3+ {[%emt 0:00:10]} 38. Kf1 {[%emt 0:00:29]} f4 {[%emt 0:00:24]} 0-1

[Event "WSTCC-50 2020"]
[Site "Prague"]
[Date "2020.03.06"]
[Round "1.21"]
[White "Malinovsky, Petr"]
[Black "Petursson, Margeir"]
[Result "0-1"]
[WhiteElo "2101"]
[BlackElo "2466"]
[Annotator "TA"]
[PlyCount "116"]
[EventDate "2020.03.06"]
[EventType "team-tourn"]
[EventCountry "CZE"]
[SourceTitle "playchess.com"]
[Source "ChessBase"]
[SourceQuality "1"]

{[%evp 12,116,16,-20,-18,-26,-18,-32,-16,-35,0,-66,-67,-85,-63,-59,-53,-81,-70,-104,-86,-140,-130,-206,-222,-202,-220,-235,-237,-358,-228,-212,-215,-226,-217,-213,-204,-250,-257,-252,-239,-262,-256,-279,-242,-230,-227,-225,-225,-258,-256,-310,-245,-264,-270,-286,-275,-287,-280,-285,-274,-300,-290,-340,-330,-358,-351,-403,-389,-389,-362,-355,-347,-321,-321,-302,-299,-475,-457,-518,-512,-593,-556,-686,-656,-734,-716,-870,-875,-844,-794,-945,-938,-906,-888,-1189,-1138,-2956,-2868,-12841,-12841,-12840,-12840,-12843,-12843,-12842,-12843]} 1. d4 Nf6 2. c4 e6 3. Nc3 Bb4 4. e3 O-O 5. Nge2 Re8 6. a3 Bf8 7. g3 d5 {E46: Nimzo-Indian: Rubinstein: 4 e3 0-0 5 Ne2 without early Bd3.} 8. cxd5 exd5 9. Bg2 c6 {Black is slightly better.} 10. O-O Nbd7 {[%cal Bb8d7,Bd7b6,Bb6c4][%mdl 32]} 11. b4 (11. Re1 $11) 11... Nb6 $15 {[#]} 12. b5 $146 ({Predecessor:} 12. Qd3 g6 13. f3 Nh5 14. g4 Ng7 15. Ng3 Be6 16. Ra2 Qh4 17. Raf2 Bd6 18. Nce2 {0-1 (45) Cosman,A (2101)-Khalafova,N (2193) Mamaia 2016}) 12... Nc4 13. bxc6 bxc6 14. Nf4 Bf5 15. Re1 Rb8 16. Na4 ({Better is} 16. Bf1) 16... Qa5 $17 {Hoping for ...g5.} 17. Nc5 (17. Ra2 $17) 17... Bxc5 $19 18. dxc5 Ne4 19. Rf1 Nxc5 20. Qh5 (20. Qe1 $142) 20... Be4 21. Bxe4 Nxe4 22. Qd1 Qc3 23. Ra2 Rb1 24. Qc2 Reb8 25. Qxc3 Nxc3 26. Rc2 R8b3 27. Nd3 {[#]} Ne2+ $1 {[%mdl 512]} 28. Rxe2 {Black must now prevent Nb4.} Rxd3 29. Rc2 f5 30. Kg2 Kf7 31. Re1 Ke6 32. Kf1 Rbb3 33. a4 Rdc3 34. Ra2 Rb1 35. Bd2 Rxe1+ 36. Bxe1 {[%mdl 4096] Endgame KRB-KRN} Rb3 37. a5 a6 38. Ke2 g5 39. h3 h5 40. Rc2 Kd6 41. Bc3 c5 42. Bf6 g4 ({Not} 42... Nxa5 43. Ra2 $17) 43. hxg4 hxg4 ({But not} 43... fxg4 44. e4 $19) 44. Rc1 (44. Ra2 {is the only way for White.}) 44... Ra3 {Black is clearly winning.} 45. Rb1 Rxa5 46. Rb8 Ra2+ 47. Ke1 Nd2 48. Bg7 Ne4 49. Bf8+ Kc6 50. Re8 Nxf2 51. Rc8+ Kd7 52. Rb8 Ne4 53. Rb7+ Kc6 54. Rf7 d4 55. exd4 cxd4 {[%cal Bc5d4,Bd4d3][%mdl 32]} 56. Bg7 d3 {[#] ( -> ...Re2+)} 57. Rxf5 Re2+ 58. Kd1 Nf2+ {Black took control after the opening. Accuracy: White = 45%, Black = 87%.} 0-1

[Event "WSTCC-50 2020"]
[Site "Prague"]
[Date "2020.03.06"]
[Round "1.22"]
[White "Thorhallsson, Throstur"]
[Black "Kastner, Oldrich"]
[Result "1-0"]
[WhiteElo "2424"]
[BlackElo "1965"]
[Annotator "TA"]
[PlyCount "55"]
[EventDate "2020.03.06"]
[EventType "team-tourn"]
[EventCountry "CZE"]
[SourceTitle "playchess.com"]
[Source "ChessBase"]
[SourceQuality "1"]

{[%evp 10,54,29,-6,-2,10,43,42,35,40,93,99,111,95,107,95,90,100,145,140,252,246,261,250,258,254,385,395,372,365,884,866,911,511,681,689,747,719,1544,1433,29991,29992,29993,29994,29994,29995,29999]} 1. e4 e6 2. d4 d5 3. Nc3 Nf6 4. Bg5 Bb4 5. exd5 Qxd5 6. Nf3 (6. Bxf6 $5 Bxc3+ 7. bxc3 gxf6 8. Qf3 $11) 6... Ne4 {C12: French: Classical System: McCutcheon Variation.} 7. Bd2 $1 Nxc3 (7... Bxc3 $5 8. bxc3 b6 $11) 8. bxc3 {[%cal Bb2c3,Bc3c4][%mdl 32] [#]} Be7 $146 {White is slightly better.} ({Predecessor:} 8... Ba3 9. Bd3 c5 10. c4 Qd6 11. d5 exd5 12. Qe2+ Be6 13. cxd5 Qxd5 14. Be4 Qd7 15. O-O Nc6 16. Rfd1 Qc7 17. Ng5 Rd8 18. Bxc6+ Qxc6 19. Bc3 {1-0 (19) Aydin,N (1200)-Molano,I (1241) LSS email 2010}) 9. Bd3 Nd7 (9... c5 $14) 10. c4 $16 Qh5 11. g4 $36 {[%mdl 2048] White is in control.} Qxg4 12. Rg1 Qh5 13. Rxg7 Bf6 14. Rg3 b6 (14... c6 $16) 15. Be4 $18 Rb8 16. Bc6 h6 17. Rb1 {Rb5 is the strong threat.} Qf5 (17... a6 {was necessary.} 18. Bc3 b5) 18. Rb5 Qh7 19. Rh5 Bg7 $2 {[#]} (19... Bb7) 20. Ng5 $1 {[%mdl 512]} Qg8 (20... hxg5 21. Rxh7) 21. Ne4 {Strongly threatening Bxh6!} Qf8 22. d5 Kd8 23. Qg4 Rh7 24. dxe6 Ne5 25. Qh4+ {White mates.} Qe7 {[#]} 26. Rxe5 $1 {[%mdl 512]} Qxh4 (26... Bxe5 27. Rg8#) 27. Rd3+ Ke7 28. Bb4# {Black got outplayed after the opening. Accuracy: White = 88%, Black = 30%.} 1-0

[Event "WSTCC-50 2020"]
[Site "Prague"]
[Date "2020.03.06"]
[Round "1.23"]
[White "Paldus, Petr"]
[Black "Jonsson, Bjorgvin"]
[Result "0-1"]
[WhiteElo "2008"]
[BlackElo "2324"]
[Annotator "TA"]
[PlyCount "100"]
[EventDate "2020.03.06"]
[EventType "team-tourn"]
[EventCountry "CZE"]
[SourceTitle "playchess.com"]
[Source "ChessBase"]
[SourceQuality "1"]

{[%evp 9,100,6,0,0,0,0,10,10,10,9,9,12,16,16,23,12,14,-6,0,-4,0,0,16,2,0,0,28,-26,23,25,26,6,11,8,34,6,6,-21,2,0,29,22,72,31,46,41,39,0,0,-70,-65,-52,-45,-285,-295,-262,-97,-124,0,-310,-306,-421,-410,-503,-400,-452,-446,-333,-405,-341,-421,-387,-361,-733,-703,-708,-711,-1105,-1088,-1168,-1118,-1833,-1706,-2793,-2576,-2498,-2064,-4918,-9556,-29953,-4606,-29955,-4618]} 1. e4 c5 2. Nf3 d6 3. c3 Nf6 4. Bd3 Nc6 5. O-O g6 6. Re1 {B50: Sicilian: 2...d6, Miscellaneous.} Bg7 7. Bc2 Bg4 8. h3 {The position is equal.} Bxf3 9. Qxf3 O-O 10. d3 b5 11. Be3 {[#]} Rb8 $146 ({Predecessor:} 11... Nd7 12. Qd1 Rb8 13. a3 a5 14. d4 Qc7 15. f4 cxd4 16. cxd4 Nxd4 17. Bxd4 Bxd4+ 18. Qxd4 Qxc2 {1-0 (41) De Wit,M (2308)-Van der Stricht,G (2365) Belgium 2011}) 12. Nd2 b4 13. Nc4 bxc3 14. bxc3 Na5 15. Na3 Nd7 16. d4 cxd4 17. cxd4 Nc6 18. Qd1 (18. e5 $142 $1 Nb4 19. exd6) 18... e5 {[%cal Re5d4]} 19. d5 Nd4 20. Bd3 Nc5 21. Nc4 Qc7 22. Rb1 Rxb1 23. Bxb1 Rb8 24. Bd3 Rb4 25. Bf1 a5 26. Qc1 a4 27. f3 Rb8 28. Qc3 f5 $36 {[%mdl 2048] Black fights for an advantage.} 29. Qa5 (29. Nd2 $11) 29... Qxa5 $15 30. Nxa5 fxe4 31. Bxd4 $2 {[#]} (31. fxe4 $15 Bf6 32. Bf2) 31... exd4 $19 32. fxe4 Re8 $2 (32... d3 $19 {Hoping for ...Bc3.} 33. Rd1 Bd4+ 34. Kh2 Be5+ 35. Kg1 Rb5) 33. Bb5 Rb8 (33... Rf8 $17 {And now ...d3 would win.} 34. Nc6 Re8) 34. Bc4 $2 {[%mdl 8192] Black converts the advantage convincingly.} (34. Bf1 $1 $11 {and White is okay.}) 34... Rb2 35. Nc6 {intending e5.} d3 36. e5 d2 37. Rf1 Bxe5 38. Nxe5 dxe5 {[%mdl 4096] Endgame KRB-KRN} 39. d6+ Kg7 40. Rd1 Rc2 41. Be2 $2 {[#]} (41. Bb5 Kf6 42. Kf2) 41... a3 {[%cal Ba4a3,Ba3a2][%mdl 32]} 42. Kf2 Rxa2 43. Ke3 Rb2 44. Bg4 a2 45. Ra1 Kf8 ({Weaker is} 45... Nb3 46. d7 $11) 46. h4 h5 47. Be2 Ke8 48. g4 Kd7 49. gxh5 gxh5 50. Bxh5 Nb3 {Accuracy: White = 41%, Black = 79%.} 0-1

[Event "WSTCC-50 2020"]
[Site "Prague"]
[Date "2020.03.06"]
[Round "1.24"]
[White "Gislason, Gudmundur"]
[Black "Danek, Pavel"]
[Result "1/2-1/2"]
[WhiteElo "2322"]
[BlackElo "1882"]
[Annotator "TA"]
[PlyCount "84"]
[EventDate "2020.03.06"]
[EventType "team-tourn"]
[EventCountry "CZE"]
[SourceTitle "playchess.com"]
[Source "ChessBase"]
[SourceQuality "1"]

{[%evp 15,84,22,43,37,62,58,69,63,80,40,62,61,77,50,65,16,57,14,37,0,0,4,4,22,43,0,43,25,48,50,105,20,28,29,33,10,80,68,68,69,54,23,355,373,331,0,0,0,0,0,0,0,0,0,0,0,0,-20,-25,-17,-17,-17,-17,-17,-17,-17,-17,-13,-19,-17,0]} 1. d4 d5 2. Nf3 e6 3. g3 f5 4. Bg2 Nf6 5. O-O Be7 6. c4 c6 7. Qc2 O-O 8. Nbd2 Ne4 9. Ne5 {[%cal Rd2e4] A92: Classical Dutch: Classical Stonewall (with ...Be7): Early deviations.} Nxd2 10. Bxd2 Nd7 11. Nd3 {White is slightly better.} Nf6 12. f3 Bd7 {[#]} 13. c5 $146 ({Predecessor:} 13. Nf2 Be8 14. Bc3 dxc4 15. e4 fxe4 16. Nxe4 Nd5 17. Qe2 b5 18. Nc5 Bxc5 19. dxc5 Nxc3 20. bxc3 {1-0 (43) Iotov,V (2281)-Recuero Guerra,D (2151) Poio 2003}) 13... Be8 14. Qb3 b6 15. Rac1 Nd7 16. Nf4 Rf6 {[%cal Rb6c5]} 17. Qe3 bxc5 18. Nxe6 cxd4 19. Nxd4 Bc5 20. Bc3 Bf7 21. Kh1 f4 22. gxf4 Qc7 ({Black should try} 22... Bf8 $14) 23. Qf2 (23. Bh3 $16) 23... Qxf4 $11 24. e3 Qh6 25. f4 Ne5 (25... Re8 $11 {remains equal.}) 26. Nf5 Rxf5 27. Bxe5 Bb6 28. Qg3 {Threatens to win with Rxc6!} Re8 $2 {[%mdl 8192] [#]} (28... Rh5 $11) 29. Rxc6 $1 $18 {[%mdl 512]} g6 (29... Qxc6 30. Qxg7#) 30. Rd1 $2 (30. Bh3 $18 Rh5 31. Bg4) 30... Bxe3 $1 $11 31. Qxe3 Rfxe5 32. Qxe5 Rxe5 33. fxe5 Qh5 34. Re1 ({But not} 34. Rxd5 $2 Bxd5 35. Bxd5+ Kf8 $19) 34... Qh4 $1 {[%cal Rh4e1]} 35. Rf1 Qe7 36. Rcf6 Be6 37. Rd1 {aiming for Rxe6!} Kg7 {The position is equal.} 38. Bxd5 Bxd5+ {[%mdl 64] [#] Discovered Attack} 39. Rxd5 Qb7 {[%mdl 64] Double Attack} 40. Rfd6 {Rd7+ would kill now.} Qxb2 41. e6 Qf2 {[%cal Rf2f1]} 42. Rd1 Qf3+ {Accuracy: White = 65%, Black = 72%.} 1/2-1/2

[Event "WSTCC-50 2020"]
[Site "Prague"]
[Date "2020.03.06"]
[Round "1.25"]
[White "Potapov, Alexander"]
[Black "Schulz, Petra"]
[Result "1-0"]
[WhiteElo "2413"]
[BlackElo "2027"]
[Annotator "TA"]
[PlyCount "89"]
[EventDate "2020.03.06"]
[EventType "team-tourn"]
[EventCountry "CZE"]
[SourceTitle "playchess.com"]
[Source "ChessBase"]
[SourceQuality "1"]

{[%evp 12,89,33,38,27,32,46,48,48,25,42,33,40,8,16,-98,-83,-98,-98,-88,-89,-72,-39,-34,-36,-39,-33,-32,-28,-29,0,0,0,-4,0,-22,0,0,0,-8,-4,-38,8,10,54,0,0,0,0,0,0,0,0,-44,0,-5,-15,-46,0,0,0,0,12,18,22,14,152,166,168,164,155,162,156,147,381,377,350,198,337,329]} 1. d4 Nf6 2. c4 g6 3. Nc3 Bg7 4. e4 d6 5. h3 O-O 6. Bg5 c6 7. Bd3 e5 {E71: King's Indian: 4 e4 d6 5 h3.} 8. d5 a5 9. Nge2 Na6 {[%cal Bb8a6,Ba6c5,Bc5e6][%mdl 32] White is slightly better.} 10. Qd2 Bd7 11. O-O Nc5 12. Bc2 (12. Rfd1 {seems wilder.} Re8 13. b3 Qb8 14. dxc6 bxc6 15. Bc2) 12... cxd5 {[#]} 13. Nxd5 $146 (13. exd5 $11 Qb6 14. b3) ({Predecessor:} 13. exd5 Qc7 14. b3 Nh5 15. Bh6 Qd8 16. Bxg7 Kxg7 17. a3 b6 18. Rfe1 Rc8 19. Rab1 {1-0 (41) Abdusattorov,N (2598)-Bogner,S (2584) Biel 2019}) 13... Nfxe4 $17 {[%mdl 64] Double Attack} 14. Bxd8 Nxd2 15. Be7 Nxf1 16. Bxd6 Ne6 (16... Nd2 {feels hotter.} 17. Bxc5 Rfd8 18. b3 Bc6 19. Nec3 Bxd5 20. Nxd5 Rxd5 21. cxd5 Rc8) 17. Bxf8 Kxf8 18. Kxf1 Bc6 19. Nec3 Nd4 (19... f5 {keeps more tension.} 20. f3 Rb8 21. Rb1 Rd8 22. Rd1 Kf7) 20. Ba4 Bxa4 21. Nxa4 Rc8 22. c5 f5 23. Rd1 Kf7 24. Ndb6 Rc7 25. b3 Bf8 26. Nc4 Bxc5 27. Nxe5+ Ke6 {[#]} (27... Kf6 $5 {[%cal Rf6e5]} 28. Nc4 Ba7 $14) 28. Nxc5+ ({Better is} 28. Nxg6 $1 $14 {[%mdl 512]} hxg6 29. Nxc5+ Rxc5 30. Rxd4) 28... Kxe5 $14 {[%mdl 4096] Endgame KRN-KRN} 29. Nd3+ Kf6 30. Nf4 {And now Nd5+ would win.} Ke5 31. g3 Rc2 32. Nd3+ Kd5 33. Ne1 Rc3 34. h4 b5 (34... f4 $5) 35. Ng2 Ke5 36. Re1+ Kf6 37. Nf4 {Threatens to win with Nd5+.} Rc5 38. Rd1 Ne6 (38... Nf3 $11) 39. Rd6 $16 Re5 {[#]} 40. Nd5+ $1 Kg7 41. Rd7+ Kf8 42. Nf6 Nc5 $2 (42... h6 $16 {was called for.}) 43. Nxh7+ Ke8 44. Nf6+ Kf8 45. Rc7 {Accuracy: White = 83%, Black = 74%.} 1-0

[Event "WSTCC-50 2020"]
[Site "Prague"]
[Date "2020.03.06"]
[Round "1.26"]
[White "Sommaro, Katja"]
[Black "Sergeyev, Alexander"]
[Result "0-1"]
[WhiteElo "2075"]
[BlackElo "2398"]
[Annotator "TA"]
[PlyCount "86"]
[EventDate "2020.03.06"]
[EventType "team-tourn"]
[EventCountry "CZE"]
[SourceTitle "playchess.com"]
[Source "ChessBase"]
[SourceQuality "1"]

{[%evp 21,86,12,9,0,-2,-12,10,9,6,0,0,0,0,-13,0,-27,-6,-6,-11,-24,-17,-26,-23,-51,-52,-60,-55,-54,-18,-24,-24,-11,-14,-75,-62,-104,-104,-167,-160,-164,-164,-201,-209,-266,-257,-288,-270,-284,-255,-407,-341,-402,-401,-464,-403,-515,-500,-827,-825,-682,-737,-723,-820,-763,-720,-998,-992]} 1. c4 c6 2. Nf3 d5 3. e3 g6 4. Nc3 Bg7 5. d4 Nf6 6. Bd3 O-O 7. O-O Bg4 8. h3 Bxf3 9. Qxf3 e6 10. Rd1 Nbd7 {[%cal Bb8d7,Bd7f8,Bf8e6,Be6g5][%mdl 32]} 11. cxd5 exd5 12. b3 {D94: Grünfeld: 4 Nf3 Bg7 5 e3.} Re8 {[#]} 13. a4 $146 ({Predecessor:} 13. Bb2 Qe7 14. Rac1 Rad8 15. Na4 Ne4 16. Bxe4 dxe4 17. Qe2 Nf6 18. Rc5 Nd5 19. Ba3 Qg5 {½-½ (30) Ning,K (2078)-Gu,T (2194) Jiaxing 2017}) 13... Nf8 14. Ba3 {The position is equal.} Ne6 15. Rac1 Ng5 16. Qe2 a6 17. Qc2 Qd7 18. Bf1 Bh6 19. Re1 Nge4 20. Nxe4 (20. Nd1 {is more complex.} Bg5 21. Nb2 Qc7 22. Bb4 a5 23. Ba3) 20... Nxe4 21. Rcd1 Re6 22. Bc1 Bf8 23. Bd3 Bb4 24. Rf1 Rae8 25. Bxe4 Rxe4 26. Bd2 Bd6 27. f4 (27. b4 $11) 27... Qe7 28. Rf3 {White is now going downhill.} c5 29. Qd3 (29. dxc5 $17 Bxc5 30. Kh1) 29... cxd4 $19 {[%mdl 64] Remove Defender} 30. exd4 {[#]} Rxd4 $1 {[%mdl 512]} 31. Qxd4 Bc5 32. Be3 Bxd4 33. Rxd4 Qd7 34. f5 Re4 35. f6 {[#]} (35. Rd3 {was worth a try.}) 35... h6 $1 36. Rd3 (36. Bxh6 Rxd4) 36... g5 37. Bd4 Kh7 38. g4 Kg6 {Black is clearly winning.} 39. Rf5 (39. Bf2 $142) 39... Qe6 {aiming for ...Rxd4!} 40. Bf2 {[#]} d4 $1 41. Rff3 (41. Rxd4 Rxd4) 41... Qc6 42. Kg2 Qc2 43. Kg3 Re2 {Accuracy: White = 50%, Black = 93%.} 0-1

[Event "WSTCC-50 2020"]
[Site "Prague"]
[Date "2020.03.06"]
[Round "1.27"]
[White "Goriatchkin, Jouri"]
[Black "Arnhold, Kerstin"]
[Result "1-0"]
[WhiteElo "2310"]
[BlackElo "1979"]
[Annotator "ChessBase"]
[PlyCount "66"]
[EventDate "2020.03.06"]
[EventType "team-tourn"]
[EventCountry "CZE"]
[SourceTitle "playchess.com"]
[Source "ChessBase"]
[SourceQuality "1"]
[TimeControl "40/5400+30:1800+30"]

1. d4 {[%emt 0:00:00]} Nf6 {[%emt 0:00:00]} 2. c4 {[%emt 0:00:00]} e6 {[%emt 0:00:23]} 3. g3 {[%emt 0:00:08]} Be7 {[%emt 0:00:53]} 4. Bg2 {[%emt 0:00:22]} d5 {[%emt 0:01:09]} 5. Nf3 {[%emt 0:00:39]} c6 {[%emt 0:00:57]} 6. O-O {[%emt 0:01:50]} O-O {[%emt 0:00:19]} 7. Nc3 {[%emt 0:01:54]} Nbd7 {[%emt 0:01:38]} 8. b3 {[%emt 0:02:00]} Rb8 {[%emt 0:06:01]} 9. Bf4 {[%emt 0:02:19]} Ra8 {[%emt 0:00:06]} 10. Qc2 {[%emt 0:05:06]} Nh5 {[%emt 0:04:25]} 11. Bc1 {[%emt 0:00:56]} f5 {[%emt 0:05:40]} 12. Bb2 {[%emt 0:01:18]} Ndf6 {[%emt 0:02:59]} 13. Rad1 {[%emt 0:04:16]} Ne4 {[%emt 0:07:29]} 14. Nxe4 {[%emt 0:02:05]} fxe4 {[%emt 0:00:23]} 15. Ne5 {[%emt 0:00:37]} Bd6 {[%emt 0:09:04]} 16. f3 {[%emt 0:07:46]} exf3 {[%emt 0:04:17]} 17. exf3 {[%emt 0:00:50]} Qg5 {[%emt 0:03:20]} 18. f4 {[%emt 0:01:44]} Qe7 {[%emt 0:00:55]} 19. Qe2 {[%emt 0:04:44]} Nf6 {[%emt 0:01:33]} 20. g4 {[%emt 0:02:28]} Nd7 {[%emt 0:05:15]} 21. Nd3 {[%emt 0:07:31]} Qf7 {[%emt 0:05:00]} 22. Rde1 Nb8 23. Ne5 {[%emt 0:04:53]} Qc7 {[%emt 0:08:17]} 24. g5 {[%emt 0:05:09]} Na6 {[%emt 0:04:52]} 25. Bh3 {[%emt 0:05:25]} Nb4 {[%emt 0:06:36]} 26. a3 {[%emt 0:08:20]} Bxe5 {[%emt 0:00:16]} 27. fxe5 {[%emt 0:00:28]} Na6 {[%emt 0:00:44]} 28. Rxf8+ {[%emt 0:00:30]} Kxf8 {[%emt 0:00:02]} 29. Qh5 {[%emt 0:13:50]} Qe7 {[%emt 0:00:21]} 30. Qxh7 {[%emt 0:03:10]} Qxg5+ {[%emt 0:00:08]} 31. Kh1 {[%emt 0:00:28]} Qh6 {[%emt 0:07:20]} 32. Rf1+ {[%emt 0:00:20]} Ke7 {[%emt 0:00:49]} 33. Qg8 {[%emt 0:00:30]} Nb8 1-0

[Event "WSTCC-50 2020"]
[Site "Prague"]
[Date "2020.03.06"]
[Round "1.28"]
[White "Leib, Britta"]
[Black "Tolstikh, Nikolay"]
[Result "0-1"]
[WhiteElo "1908"]
[BlackElo "2320"]
[Annotator "TA"]
[PlyCount "136"]
[EventDate "2020.03.06"]
[EventType "team-tourn"]
[EventCountry "CZE"]
[SourceTitle "playchess.com"]
[Source "ChessBase"]
[SourceQuality "1"]

{[%evp 19,136,8,24,31,20,10,7,-27,-30,-90,0,-8,0,-16,0,0,0,0,6,0,0,0,1,0,0,0,0,0,0,-16,-21,-34,-8,-30,-28,-44,-41,-41,-41,-31,-35,-39,-21,-73,-59,-67,-27,-62,-8,-35,-5,-20,-9,-20,-8,-17,-12,-11,0,0,0,-41,-42,-79,-70,-72,-61,-72,-72,-72,-72,-86,-70,-75,-75,-86,-45,-46,-46,-86,-86,-86,-86,-86,-86,-86,-72,-116,-86,-86,-86,-86,-86,-86,0,-127,-127,-127,-127,-196,-61,-109,-17,-93,-61,-93,-80,-377,-369,-1110,-1050,-1326,-1302,-1216,-1183,-2481,-1446,-2974,-2731]} 1. e4 c5 2. Nf3 d6 3. d4 cxd4 4. Nxd4 Nf6 5. Nc3 g6 6. Be3 Bg7 7. Be2 Nc6 8. O-O O-O 9. h3 d5 10. exd5 Nb4 11. d6 {B73: Sicilian Dragon: Classical System without 9 Nb3.} Qxd6 12. Ndb5 Qb8 13. a3 {The position is equal.} Nc6 {[#] aiming for ...Rd8.} 14. Nd4 $146 {[#]} (14. Qe1 $11 {keeps the balance.}) ({Predecessor:} 14. Qc1 a6 15. Nd4 Nxd4 16. Bxd4 Ng4 17. Bxg4 Bxd4 18. Ne2 Ba7 19. Qg5 Bxg4 20. Qxg4 {0-1 (38) Ciocaltea,V-Beliavsky,A (2615) Luzern 1982}) 14... Bd7 (14... Nxd4 $1 $17 15. Qxd4 Ng4) 15. Nxc6 Bxc6 16. Bf3 Qc7 17. Qe2 a6 18. Rad1 Rfd8 19. Qc4 Rdc8 20. Bxc6 Qxc6 21. Qxc6 Rxc6 22. Rd2 Kf8 23. Rfd1 Ke8 24. Na4 Ne4 25. Rd5 Rd6 26. c3 Rad8 27. Nb6 Rxd5 28. Rxd5 Rxd5 29. Nxd5 $15 {[%mdl 4096] Endgame KBN-KBN} Kd7 30. Kf1 Nd6 31. Bc1 (31. Ke2 $11) 31... e6 32. Ne3 f5 33. f3 h5 (33... b5 $15) 34. Ke2 Kc6 35. Kd3 Bh6 36. a4 e5 37. b3 e4+ 38. Ke2 f4 39. Nc2 e3 40. Nd4+ Kd7 41. Kf1 h4 42. Ba3 Nf7 43. Ke1 Bg7 44. Ne2 g5 45. Kd1 Ke6 46. Kc2 Bf6 47. Kd3 Kd5 48. c4+ Ke6 49. Bc5 Ne5+ 50. Kc2 Nc6 51. Bb6 Nb4+ 52. Kd1 Kd6 53. Ba5 Nc6 54. Bb6 Bd8 55. Bd4 Ke6 56. Kc2 Bf6 (56... a5 $17) 57. Bxf6 (57. Bb6 $1 $11 {remains equal.}) 57... Kxf6 $11 {KN-KN} 58. Kc3 Ke5 59. b4 (59. Kd3 $17) 59... Ne7 ({Better is} 59... a5 $19 60. bxa5 Nxa5) 60. Kd3 Nf5 ({Black should try} 60... b6 $17) 61. Kc3 (61. c5 $11) 61... Kd6 62. Kd3 a5 63. c5+ $2 {[%mdl 8192] [#] White does not recover from this.} (63. bxa5 $17 {was forced.} Kc5 64. Nc3) 63... Kc6 $19 64. b5+ $2 (64. Kc4 axb4 65. Kxb4) 64... Kxc5 {Black is clearly winning.} 65. Nc3 Nd6 66. Na2 Nc4 67. Ke2 Kd4 68. Kd1 Nb2+ {[%mdl 64] Double Attack. Accuracy: White = 56%, Black = 71%.} 0-1

[Event "WSTCC-50 2020"]
[Site "Prague"]
[Date "2020.03.06"]
[Round "1.29"]
[White "Goldinger, Peter"]
[Black "Priehoda, Vitezslav"]
[Result "1/2-1/2"]
[WhiteElo "2052"]
[BlackElo "2337"]
[Annotator "TA"]
[PlyCount "31"]
[EventDate "2020.03.06"]
[EventType "team-tourn"]
[EventCountry "CZE"]
[SourceTitle "playchess.com"]
[Source "ChessBase"]
[SourceQuality "1"]

{[%evp 9,31,35,47,52,54,35,49,48,61,54,60,45,58,56,54,49,52,-39,-50,-51,0,-70,-10,-11]} 1. d4 d6 2. Bf4 Nd7 3. Nf3 g6 4. e4 Bg7 5. Bc4 Nb6 6. Bb3 {A41: 1 d4 d6: Tartakower System and Modern Defence.} Nf6 7. Nbd2 O-O 8. O-O {[#] White is slightly better.} c5 $146 {Threatening ...cxd4.} ({Predecessor:} 8... c6 9. c3 d5 10. exd5 cxd5 11. h3 Bf5 12. Re1 Rc8 13. Ne5 Ne4 14. Nxe4 Bxe4 {0-1 (42) Forbes,C (2075)-Beveridge,N (2050) West Bromwich 2006}) 9. c3 cxd4 10. cxd4 h6 11. Qe2 g5 12. e5 Nfd5 13. Bxg5 ({White should try} 13. Bg3 $14) 13... hxg5 $15 14. Nxg5 {[#] Strongly threatening Qe4.} Bf5 (14... dxe5 $15 15. Qd3 {[#]} e4 $1 {[%mdl 512]} 16. Qxe4 Nf6) 15. e6 (15. g4 $11 e6 16. h4) 15... fxe6 (15... f6 $15 16. Nf7 Qc8) 16. Nxe6 {Accuracy: White = 65%, Black = 71%.} 1/2-1/2